Pustý hrad : príspevok k dejinám pustého hradu a k počiatkom mesta Zvolena /

Hlavní autor: Kuka, Pavol, 1931-2014
Jazyk: Slovenština
Vydáno: Banská Bystrica : Stredoslovenské vydavateľstvo, 1966
Vydání: 2. vyd.
Edice: Náš kraj (Stredoslovenské vydavateľstvo)
Fyzický popis: 52 s. : il. ; 8°
Knihy
Uloženo v:
LEADER 00851nam a22002412a 4500
001 001625309
003 CZ BrMZK
005 20180807090804.0
007 ta
008 180419s1966 xo a er|||||||||||slo d
040 |a ABA001  |b cze  |c ABA001  |d ABA001  |d BOA001 
100 1 |a Kuka, Pavol,  |d 1931-2014  |7 jx20040802027  |4 aut 
245 1 0 |a Pustý hrad :  |b príspevok k dejinám pustého hradu a k počiatkom mesta Zvolena /  |c Pavol Kuka 
250 |a 2. vyd. 
260 |a Banská Bystrica :  |b Stredoslovenské vydavateľstvo,  |c 1966 
300 |a 52 s. :  |b il. ;  |c 8° 
490 1 |a Náš kraj ;  |v zv. 49 
504 |a Obsahuje bibliografii 
830 0 |a Náš kraj (Stredoslovenské vydavateľstvo) 
910 |a BOA001  |b X-0532.142-66 
990 |a BK 
991 |b 201804 
996 7 |b 2618943239  |c X-0532.142-66  |l MZK  |r Sklad / do 24 hodin  |n 0  |w 001661003  |u 000010  |a 1  |e BOA001  |j MZK50  |s A